How many legs do these animals have? (Latin version) - Statistics

General Stats
  • This quiz has been taken 12 times
  • The average score is 7 of 20
Answer Stats
Hint Explanation Answer % Correct
Equus quagga Zebra IV
88%
Boa constrictor Nullus
88%
Bison bison Bison IV
75%
Panthera onca Jaguar IV
75%
Cygnus olor Mute swan II
63%
Varanus komodoensis Komodo dragon IV
63%
Tyto alba Barn owl II
38%
Carcharodon carcharias Great white shark Nullus
38%
Euscorpius avcii Small wood-scorpion (arachnid) VIII
38%
Cyanistes caeruleus Blue tit II
25%
Vanessa atalanta Red admiral VI
25%
Inachis io Peacock butterfly VI
25%
Milnesium tardigradum Tardigrade VIII
25%
Cancer pagurus Common edible crab X
25%
Krateraspis sselivanovi Centipede C
13%
Bdellozonium quicki Camphor millipede M
13%
Homarus gammarus European lobster X
13%
Bathynomus giganteus Giant isopod XIV
13%
Parastratiosphecomyia stratiosphecomyioides Southeast Asian soldier fly (the longest scientific name of any animal) VI
0%
Albunea groeningi Sand crab named after Matt Groening X
0%
No matching quizzes found
Score Distribution
Percent of People with Each Score
Percentile by Number Answered
Your Score History
You have not taken this quiz